00373nam a2200169Ia 4500008004100000041000800041082001600049100001200065245002500077250000800102260002600110300000900136365000700145500001200152520000700164650003200171240515s2024 xx 000 0 und d aeng a615.329/PEL aPelczar aPelczar Microbiology a5th bEast West Pressc2024 a918p cRS aB.Pharm aBV aPharamceutical Microbiology